000 00494nam a2200169 i 4500
001 71030
003 ES-MaACL
005 20230906171009.0
007 t|
008 040805s1914 fr ||||1| fre d
100 1 _aGaschet, Robert.
_955839
245 1 3 _aLa vie et la mort tragique de Paul Louis Courier /
_cRobert Gaschet.
260 _a[Chartes :
_bs.n.,
_c1914] (
_fDurand)
300 _a246 p. ;
_c19 cm.
600 1 4 _aCourier, Paul-Louis (
_d1772-1825)
_941272
852 _aES-MaACL
_jF-8807
999 _c71030
_d71030